| 000 | 00522nam a2200193Ia 4500 | ||
|---|---|---|---|
| 008 | 090124s9999 xx 000 0 und d | ||
| 020 | _a1-85038-434-1 | ||
| 082 | _b41131 | ||
| 100 | _a"NEWMAN , MARJORIE" | ||
| 245 | _aCHILDREN'S ILLUSSTRATED BIBLE | ||
| 250 | _a0 | ||
| 260 |
_bHOLLAND ENTER. GREAT BRITANIA _c2000 |
||
| 300 | _a319 | ||
| 600 | _a"NEWMAN , MARJORIE" | ||
| 630 | _aCHILDREN'S ILLUSSTRATED BIBLE | ||
| 700 | _a"NEWMAN , MARJORIE" | ||
| 730 | _aCHILDREN'S ILLUSSTRATED BIBLE | ||
| 942 | _cBOOK | ||
| 999 |
_c108890 _d108890 |
||